000 00330pam a2200145 a 4500
020 _c
041 _aeng
082 _a547.59
_bJOU
100 _aJoule JA .,
_eMills K .
245 _aHeterocyclic Chemistry
_hTextual Documents
250 _a2010.
260 _a[s.l]:
_bWiley And Scns LTD
300 _a689 pg .
930 _a8984
999 _c85890
_d85890